000 00678cam a22002413a 4500
001 493
003 PGUSA
005 20140828082949.0
008 060109s2006||||xxu|||||s|||||000 1 eng d
040 _aPGUSA
_beng
042 _adc
050 4 _aPR
100 1 _aConrad, Joseph,
_d1857-1924
245 1 0 _aFalk :
_bA Reminiscence
_h[electronic resource] /
_cJoseph Conrad
260 _bProject Gutenberg,
_c2006
506 _aPublic domain in the USA.
516 _aElectronic text
653 _aSeafaring life -- Fiction
653 _aMan-woman relationships -- Fiction
830 0 _aProject Gutenberg
_v493
856 4 0 _uhttp://www.gutenberg.org/ebooks/493
942 _cEB
999 _c229844
_d229844